[Event "January 1800+"]
[Site "SchemingMind.com"]
[Date "2016.02.27"]
[Round "-"]
[White "frankly"]
[Black "DHall"]
[Result "1/2-1/2"]
[WhiteCountry "ENG"]
[BlackCountry "ENG"]
[WhiteElo "2439"]
[WhiteRD "55"]
[BlackElo "2241"]
[BlackRD "65"]
[GameID "395959"]

1. d4 Nf6 2. Nf3 d5 3. c4 c6 4. Nc3 e6 5. e3 Nbd7 6. Bd3 dxc4 7. Bxc4 b5 8. Bd3 Bb7 9. O-O a6 10. e4 c5
11. d5 Qc7 12. Bc2 O-O-O 13. Ng5 Nb6 14. a4 b4 15. a5 Nbxd5 16. exd5 bxc3 17. bxc3 Nxd5 18. Qh5 g6 19. Qf3 Rd7 20. c4 Bg7
21. Ra3 Nc3 22. Qe3 h6 23. Nf3 Bd4 24. Qe1 Bxf3 25. gxf3 Qe5 26. Qxe5 Bxe5 27. Re1 Bf6 28. Kg2 Rhd8 29. Bb2 Nb5 30. cxb5 Bxb2
31. Rb3 Bd4 32. bxa6 c4 33. Rb4 Rc7 34. Be4 c3 35. Rd1 e5 36. f4 Rd6 37. fxe5 Bxe5 38. Bb7+ Kb8 39. Re1 f6 40. f4 Rd2+
41. Kg3 Ka7 42. fxe5=
1/2-1/2

[Event "January 1800+"]
[Site "SchemingMind.com"]
[Date "2016.02.27"]
[Round "-"]
[White "DHall"]
[Black "frankly"]
[Result "1/2-1/2"]
[WhiteCountry "ENG"]
[BlackCountry "ENG"]
[WhiteElo "2241"]
[WhiteRD "65"]
[BlackElo "2439"]
[BlackRD "55"]
[GameID "395960"]

1. e4 c5 2. Nf3 Nc6 3. d4 cxd4 4. Nxd4 Nf6 5. Nc3 e5 6. Ndb5 d6 7. Bg5 a6 8. Na3 b5 9. Nd5 Be7 10. Bxf6 Bxf6
11. c3 Bg5 12. Nc2 O-O 13. a4 bxa4 14. Rxa4 a5 15. Bc4 Rb8 16. b3 Kh8 17. Nce3 g6 18. O-O f5 19. Qd3 Be6 20. Rd1 Qd7
21. f3 Bd8 22. Kh1 f4 23. Nf1 h5 24. Raa1 g5 25. Bb5 Qb7 26. Bxc6 Qxc6 27. Nd2 g4 28. c4 Qc5 29. Nc3 gxf3 30. Nxf3 Rxb3
31. Qxd6 Qxd6 32. Rxd6 Bxc4 33. Nd5 Bxd5 34. Rxd5 Re8 35. Nxe5 Bf6 36. Ng6+ Kh7 37. e5 Bg7 38. Nxf4 Bxe5 39. Rf1 Bxf4=
1/2-1/2

[Event "January 1800+"]
[Site "SchemingMind.com"]
[Date "2016.02.27"]
[Round "-"]
[White "DHall"]
[Black "flyinduck"]
[Result "1-0"]
[WhiteCountry "ENG"]
[BlackCountry "CAN"]
[WhiteElo "2241"]
[WhiteRD "65"]
[BlackElo "2083"]
[BlackRD "52"]
[GameID "395961"]

1. e4 c5 2. Nf3 Nc6 3. d4 cxd4 4. Nxd4 Nf6 5. Nc3 e5 6. Ndb5 d6 7. Bg5 a6 8. Na3 b5 9. Nd5 Be7 10. Bxf6 Bxf6
11. c3 O-O 12. Nc2 Bg5 13. a4 bxa4 14. Rxa4 a5 15. Bc4 Rb8 16. b3 Kh8 17. Nce3 Bxe3 18. Nxe3 Ne7 19. O-O f5 20. Bd3 f4
21. Nc4 f3 22. g3 Be6 23. Re1 d5 24. Nxe5 dxe4 25. Raxe4 Bxb3 26. Qd2 Rf6 27. Rd4 Rd6 28. Bc4 Bxc4 29. Rxd6
1-0

[Event "January 1800+"]
[Site "SchemingMind.com"]
[Date "2016.02.28"]
[Round "-"]
[White "flyinduck"]
[Black "DHall"]
[Result "0-1"]
[WhiteCountry "CAN"]
[BlackCountry "ENG"]
[WhiteElo "2130"]
[WhiteRD "58"]
[BlackElo "2253"]
[BlackRD "77"]
[GameID "395962"]

1. d4 d5 2. c4 c6 3. Nc3 Nf6 4. e3 e6 5. Nf3 Nbd7 6. Qc2 Bd6 7. Bd3 O-O 8. O-O dxc4 9. Bxc4 b5 10. Bd3 Bb7
11. e4 e5 12. dxe5 Nxe5 13. Nxe5 Bxe5 14. h3 Qc7 15. f4 Bxc3 16. bxc3 c5 17. c4 bxc4 18. Qxc4 a5 19. e5 Ba6 20. Qc2 Bxd3
21. Qxd3 Rfd8 22. Qf3 Nd5 23. Ba3 Nb4 24. Bxb4 axb4 25. a3 Qb6 26. axb4 cxb4+ 27. Kh2 Rxa1 28. Rxa1 b3 29. Rb1 b2 30. Qc3 Rb8
31. f5 f6 32. e6 Qb5 33. Qc2 Qe5+ 34. Kh1 h6 35. Kg1 Kh7 36. Kh1 Rb4 37. Qd2 Rb3 38. e7 Qe4 39. Rxb2 Rxh3+ 40. Kg1 Re3
41. Kf2 Qf4+ 42. Kg1 Qe5 43. Rb1 Qxe7 44. Rf1 Qc5 45. Qf2 h5 46. Kh1 Qe5 47. Kg1 Re4 48. Kh1 Qd6 49. Kg1 Kh6 50. g3 Qd5
51. Qf3 h4 52. gxh4 Qd4+ 53. Rf2 Rxh4 54. Kg2 Kg5 55. Kf1 Qxf2+
0-1